| 000 | 00928nam a2200217Ia 4500 | ||
|---|---|---|---|
| 008 | 0000002004 sp a 0000000000spa00 | ||
| 090 | _aPSP00 G17f | ||
| 100 | 1 |
_aGarcía Sevilla, Fermín _d1961 |
|
| 245 | 1 | 0 |
_aFermín García Sevilla _b: paisajes _c/ foto Raimundo Campos |
| 300 |
_a[10] p. _c/ 21 cm. |
||
| 500 | _aExposición realizada en Galería de Arte Aitor Urdangarín, Vitoria, Octubre 28 Noviembre 7, 2004 \ Con el patronazgo del maestro venezolano Jesús Rafael Soto (q.e.p.d.) \ Registro auspiciado por el IDCT. Bogotá | ||
| 600 | 0 | 0 |
_aGARCIA SEVILLA, FERMIN, 1961/ _xTRABAJOS PICTORICOS |
| 650 | 1 | 4 | _aARTE CONTEMPORANEO ESPAÑOL |
| 650 | 1 | 4 | _xCATALOGOS |
| 650 | 1 | 4 | _xEXPOSICIONES |
| 650 | 1 | 4 | _aPINTORES ESPAÑOLES |
| 650 | 1 | 4 | _aPINTURA DE PAISAJES ESPAÑOLA |
| 650 | 1 | 4 | _aPINTURA ESPAÑOLA |
| 700 | 1 | _aCampos, Raimundo | |
| 999 |
_c4213 _d4213 |
||
| 260 |
_a[Vitoria] : Galería de Arte Aitor Urdangarin _c2004 |
||